INDEV 101 - Statistics

General Stats
  • This quiz has been taken 0 times
  • The average score is 0 of 10
Answer Stats
Hint Answer % Correct
Percentage of the world's fresh water located in Canada. 20-25%
0%
Percentage of that which is renewable. 9%
0%
Type of biofuel produced from organic waste. Biogas
0%
Any type of conventional energy source mentioned. Coal, oil, natural gas, nuclear power
0%
When a population does not have the necessary monetary means to utilize an adequate water source. Economic water scarcity
0%
An aquisition by large corporations or states of large areas of farmland in another country and on a long term basis for the production of basic foods that will then be exported. Land grabbing
0%
Environmentally harmful material often used to make biodiesel in Asia Palm Oil
0%
Not sufficient water to meet demand. Physical water scarcity
0%
Highest Canadian water use sector Power generation
0%
Highest Canadian municipal water use sector Residential
0%
No matching quizzes found
Score Distribution
Percent of People with Each Score
Percentile by Number Answered
Your Score History
You have not taken this quiz